Sports Quiz

Random Sports or Baseball Quiz

MLB All-Star Left Fielders (AL) Quiz Stats

Quiz Updated Jul 15, 2016

Challenge
Share
Tweet
Embed
Score 0/88 Timer 10:00
3 Plays Today
Year Name % Correct
2014Mike Trout
88.8%
2001Manny Ramirez
87.7%
2002Manny Ramirez
87.7%
2004Manny Ramirez
87.7%
2005Manny Ramirez
87.7%
2008Manny Ramirez
87.7%
2013Mike Trout
85.6%
2012Josh Hamilton
84.8%
2011Josh Hamilton
82.6%
1940Ted Williams
78.1%
1941Ted Williams
78.1%
1946Ted Williams
78.1%
1947Ted Williams
78.1%
1949Ted Williams
78.1%
1950Ted Williams
78.1%
1951Ted Williams
78.1%
1942Ted Williams
78.1%
1955Ted Williams
78.1%
1956Ted Williams
78.1%
1957Ted Williams
78.1%
1959 (2)Ted Williams
78.1%
1992Kirby Puckett
72.6%
1993Kirby Puckett
72.6%
2015Adam Jones
68.1%
2003Garret Anderson
67.9%
1997Brady Anderson
67.9%
1995Albert Belle
66.1%
1996Albert Belle
66.1%
1967Carl Yastrzemski
65.3%
1971Carl Yastrzemski
65.3%
Year Name % Correct
1972Carl Yastrzemski
65.3%
1982Rickey Henderson
65.2%
1986Rickey Henderson
65.2%
1990Rickey Henderson
65.2%
1991Rickey Henderson
65.2%
1988Jose Canseco
65.1%
1989Bo Jackson
64.3%
1987George Bell
63.5%
1978Jim Rice
63.3%
1983Jim Rice
63.3%
1985Jim Rice
63.3%
2017George Springer
63.1%
2010Carl Crawford
60.2%
1994Joe Carter
59.1%
2006Vladimir Guerrero
53.4%
2016Jackie Bradley Jr.
49%
2009Jason Bay
48.5%
2007Magglio Ordonez
48.1%
1998Kenny Lofton
47%
1999Kenny Lofton
47%
1966Frank Robinson
42.3%
1984Dave Winfield
41.9%
1964Harmon Killebrew
40.9%
1969Frank Howard
33.1%
1970Frank Howard
33.1%
1979Don Baylor
28.3%
1935Bob Johnson
26%
1944Bob Johnson
26%
1974Jeff Burroughs
24.6%
1980Ben Oglivie
24.1%
Year Name % Correct
1975Joe Rudi
24%
1961 (1)Rocky Colavito
23%
1961 (2)Rocky Colavito
23%
1973Bobby Murcer
21%
1965Willie Horton
20.3%
1968Willie Horton
20.3%
1981Ken Singleton
17.1%
1954Minnie Minoso
14.4%
1959 (1)Minnie Minoso
14.4%
1960 (1)Minnie Minoso
14.4%
1960 (2)Minnie Minoso
14.4%
1976Ron LeFlore
12.9%
2000Carl Everett
12.4%
1962 (1)Leon Wagner
12%
1962 (2)Leon Wagner
12%
1963Leon Wagner
12%
1977Richie Zisk
9.1%
1948Tommy Henrich
8.3%
1934Heinie Manush
5.4%
1953Gus Zernial
5.2%
1958Bob Cerv
5%
1952Dale Mitchell
4%
1933Ben Chapman
3.8%
1939George Selkirk
3.4%
1937Sam West
2.2%
1943Dick Wakefield
1.9%
1936Rip Radcliff
1.8%
1938Mike Kreevich
1.6%

You're not logged in!

Compare scores with friends on all Sporcle quizzes.
Join for Free
OR
Log In

You Might Also Like...

Show Comments

Extras

Top Quizzes Today


Score Distribution

Your Account Isn't Verified!

In order to create a playlist on Sporcle, you need to verify the email address you used during registration. Go to your Sporcle Settings to finish the process.

Report this User

Report this user for behavior that violates our Community Guidelines.

Details: